| 000 | 00863nam a22003017a 4500 | ||
|---|---|---|---|
| 001 | 0053744 | ||
| 003 | KOHA_MİRAKIL | ||
| 005 | 20260207003924.0 | ||
| 007 | ta | ||
| 008 | 151112b2015 tu |||gr||||#||||0|tur | | ||
| 020 | _a9786056567902 | ||
| 040 |
_aTR-BiSEU _btur _cTR-BiSEU _erda |
||
| 041 | 0 | _atur | |
| 044 | _ctu | ||
| 050 |
_aQA76.73.C15 _bA83 2015 |
||
| 100 | 1 | _aAtasever, Volkan. | |
| 245 | 1 |
_aC# 6.0/ _cVolkan Atasever ; Volkan Atasever. |
|
| 264 | 1 |
_aKocaeli : _bLevel Kitap _c2015 |
|
| 300 |
_a525 sayfa ; _c23 cm + _e1 CD |
||
| 336 |
_ametin _btxt _2rdacontent |
||
| 337 |
_aaracısız _bn _2rdamedia |
||
| 338 |
_acilt _bnc _2rdacarrier |
||
| 490 | 1 |
_aLevel Kitap ; _v1 |
|
| 650 | 0 |
_aC# (Computer program language). _92886 |
|
| 650 | 0 |
_aC (Computer program language). _91567 |
|
| 830 | 1 |
_aLevel Kitap ; _v1 _9100169 |
|
| 942 |
_2lcc _cBK |
||
| 999 |
_c53553 _d53553 |
||